Image Processing (Record no. 244731)

MARC details
000 -LEADER
fixed length control field 00425nam a2200181Ia 4500
008 - FIXED-LENGTH DATA ELEMENTS--GENERAL INFORMATION
fixed length control field 240913s9999||||xx |||||||||||||| ||und||
082 ## - DEWEY DECIMAL CLASSIFICATION NUMBER
-- 621.367 N5
100 ## - MAIN ENTRY--PERSONAL NAME
Personal name Sid-Ahamed,Maher A
245 #0 - TITLE STATEMENT
Title Image Processing
250 ## - EDITION STATEMENT
Edition statement 1st
260 ## - PUBLICATION, DISTRIBUTION, ETC. (IMPRINT)
Date of publication, distribution, etc 1995
Name of publisher, distributor, etc MGH,New York
500 ## - GENERAL NOTE
General note REFERENCE
650 ## - SUBJECT ADDED ENTRY--TOPICAL TERM
Topical term or geographic name as entry element Image Processing
942 ## - ADDED ENTRY ELEMENTS (KOHA)
Item type Reference
Holdings
Withdrawn status Lost status Damaged status Permanent location Current location Shelving location Date acquired Source of acquisition Cost, normal purchase price Full call number Barcode Date last seen Koha item type
      CENTRAL LIBRARY, NOORUL ISLAM CENTRE FOR HIGHER EDUCATION CENTRAL LIBRARY, NOORUL ISLAM CENTRE FOR HIGHER EDUCATION   05/09/2003 Higginbothams Private Ltd, Tirunelveli 1225.00 621.367 N5 10544 09/13/2024 Reference
Visitors:
Copyright © 2024 Central Library NICHE.  All rights reserved.